001970000a220007300045001000021000002450043000210410013000647730046000771 aErwin , Terry L.10aHow many species are there?srevisited0 aInglés1 tConservation biologyh3q330-333d1991g5